Women Who Changed the World: The Most Remarkable Women of the Last 100 Years (Record no. 177686)

MARC details
000 -LEADER
fixed length control field 00587nam a22001697a 4500
005 - DATE AND TIME OF LATEST TRANSACTION
control field 20210225142857.0
010 ## - LCCN (DPL NO)
LC control number ENG-129062
020 ## - INTERNATIONAL STANDARD BOOK NUMBER
Terms of availability 499.00
International Standard Book Number 978-0-7537-3347-9
035 ## - SYSTEM CONTROL NUMBER
System control number EN-112594
037 ## - SOURCE OF ACQUISITION
Source of stock number/acquisition DBAD/PUB
082 ## - DEWEY DECIMAL CLASSIFICATION NUMBER
Classification number 920
245 ## - TITLE STATEMENT
Title Women Who Changed the World: The Most Remarkable Women of the Last 100 Years
260 ## - PUBLICATION, DISTRIBUTION, ETC. (IMPRINT)
Place of publication, distribution, etc Gurugram
Name of publisher, distributor, etc Hachette Book Publishing India Pvt. Ltd.
Date of publication, distribution, etc 2019
270 ## - ADDRESS
City Gurugram
Address 4th/5th Floors, Corporate Centre, Plot No- 94, Sec- 44
Postal code 122003
300 ## - PHYSICAL DESCRIPTION
Extent 192p.
Dimensions 22cm(hbk)
Other physical details Including Index.
942 ## - ADDED ENTRY ELEMENTS (KOHA)
Source of classification or shelving scheme Dewey Decimal Classification
Item type English Books
Classification part 920
Call number suffix WOM
Holdings
Withdrawn status Lost status Not for loan Collection code Home library Current library Date acquired Source of acquisition Cost, normal purchase price Full call number Barcode Copy number Cost, replacement price Koha item type
      Non-fiction Ashok Vihar Ashok Vihar 25/02/2021 DBAD/PUB 499.00 920 WOM EN-112594 1 499.00 English Books

© Delhi Public Library
Hit Counter
free hit counter